Nihon Kyōsantō kōryō mondai bunkenshū /
Saved in:
| Corporate Authors: | , |
|---|---|
| 格式: | 图书 |
| 语言: | Japanese |
| 出版: |
Tōkyō :
Aoki Shoten,
1957.
|
| 丛编: | Aoki bunko ;
303, etc. |
| 主题: | |
| 标签: |
添加标签
没有标签, 成为第一个标记此记录!
|
| LEADER | 01110nam a2200313 i 4500 | ||
|---|---|---|---|
| 001 | 007773507-2 | ||
| 005 | 20024617122053.0 | ||
| 008 | 980424s1957 ja 000 0 jpn c | ||
| 010 | |a j 59003089 | ||
| 035 | 0 | |a ocm39009937 | |
| 040 | |a Hoover Institution |c *YNH* |d CStRLIN | ||
| 050 | 0 | 0 | |a JQ1698.N5 |b A3 |
| 110 | 2 | |6 880-01 |a Nihon Kyōsantō. | |
| 245 | 1 | 0 | |6 880-02 |a Nihon Kyōsantō kōryō mondai bunkenshū / |c Seiji Mondai Kenkyūkai hen. |
| 260 | |6 880-03 |a Tōkyō : |b Aoki Shoten, |c 1957. | ||
| 300 | |a 3 v. ; |c 16 cm. | ||
| 490 | 1 | |6 880-04 |a Aoki bunko ; |v 303, 305, 308 | |
| 610 | 2 | 0 | |6 880-05 |a Nihon Kyōsantō. |
| 710 | 2 | |6 880-06 |a Seiji Mondai Kenkyūkai. | |
| 880 | 2 | |6 110-01 |a 日本共産党. | |
| 880 | 1 | 0 | |6 245-02 |a 日本共産党綱領問題文献集 / |c 政治問題研究會編. |
| 880 | |6 260-03 |a 東京 : |b 青木書店, |c 1957. | ||
| 880 | 1 | |6 490-04 |a 青木文庫 ; |v 303, 305, 308 | |
| 880 | 2 | 0 | |6 610-05 |a 日本共産党. |
| 880 | 2 | |6 710-06 |a 政治問題研究會. | |
| 830 | 0 | |6 880-07 |a Aoki bunko ; |v 303, etc. | |
| 880 | 0 | |6 830-07 |a 青木文庫 ; |v 303, etc. | |
| 988 | |a 20021221 | ||
| 906 | |0 OCLC | ||


